[Event "Forcing Moves Winter-1 U1600"]
[Site "Mississauga CAN"]
[Date "2023.01.28"]
[Round "3.14"]
[White "Garg, Shlok"]
[Black "Ambilwade, Ojal"]
[Result "1-0"]
[WhiteElo "1264"]
[BlackElo "1482"]
[PlyCount "105"]
[EventDate "2023.01.28"]
[EventType "swiss"]
[EventRounds "5"]
[EventCountry "CAN"]

1. d4 Nf6 2. e3 e6 3. Bd3 d5 4. f4 c5 5. c3 Bd6 6. Nf3 Nbd7 7. Nbd2 b6 8. Ne5
Bb7 9. O-O Qe7 10. Ndf3 Ne4 11. Nxd7 Qxd7 12. Ne5 Bxe5 13. fxe5 O-O-O 14. a4 c4
15. Bxe4 dxe4 16. b3 Bd5 17. b4 a6 18. Qh5 g6 19. Qh4 h5 20. Ba3 Bc6 21. b5
axb5 22. axb5 Bxb5 23. Bd6 f5 24. Rfb1 Kb7 25. Qf2 Ra8 26. Qg3 Rxa1 27. Rxa1
Rg8 28. Qf2 Ra8 29. Rxa8 Kxa8 30. h3 Qd8 31. Qd2 Kb7 32. d5 Qg8 33. Qb2 Bd7 34.
Bc5 Qd8 35. d6 b5 36. Bd4 Qa5 37. Qf2 b4 38. cxb4 Qxb4 39. Qh4 c3 40. Qd8 Ba4
41. Qc7+ Ka6 42. Bxc3 Qb6 43. Qc4+ Bb5 44. Qa2+ Kb7 45. Bd4 Qc6 46. Qxe6 f4 47.
Qf7+ Kc8 48. Qxf4 Bd3 49. Qf8+ Kb7 50. Qf7+ Ka6 51. Qxg6 Be2 52. Qf6 Bd3 53. d7
1-0

[Event "Forcing Moves Winter-1 U1600"]
[Site "Mississauga CAN"]
[Date "2023.01.28"]
[Round "3.15"]
[White "Pillai, Karma"]
[Black "Yang, Lucy"]
[Result "1-0"]
[WhiteElo "1364"]
[BlackElo "1321"]
[PlyCount "83"]
[EventDate "2023.01.28"]
[EventType "swiss"]
[EventRounds "5"]
[EventCountry "CAN"]

1. d4 d5 2. c4 e6 3. Nf3 Nf6 4. Bg5 c6 5. e3 Nbd7 6. a3 Bd6 7. Nc3 a6 8. Bd3 h6
9. Bxf6 Nxf6 10. O-O O-O 11. e4 dxe4 12. Bxe4 Re8 13. Re1 Nxe4 14. Nxe4 Be7 15.
Rb1 b6 16. Ne5 Bb7 17. b4 b5 18. c5 Qc7 19. Qf3 Rf8 20. Qg3 Rad8 21. Rbd1 a5
22. Ng6 Qxg3 23. Nxe7+ Kh8 24. fxg3 Rfe8 25. Nxc6 Bxc6 26. Nd6 Re7 27. d5 Be8
28. dxe6 Kh7 29. exf7 Rxe1+ 30. Rxe1 Bxf7 31. Nxf7 Ra8 32. Nd6 axb4 33. axb4
Rb8 34. Re7 Kg6 35. c6 Rb6 36. c7 Rxd6 37. c8=Q Rd1+ 38. Kf2 Rb1 39. Qc2+ Kg5
40. Qxb1 g6 41. Re6 h5 42. Qxg6# 1-0

[Event "Forcing Moves Winter-1 U1600"]
[Site "Mississauga CAN"]
[Date "2023.01.28"]
[Round "3.16"]
[White "Li, Allen"]
[Black "Deshpande, Rucha"]
[Result "1-0"]
[WhiteElo "1277"]
[BlackElo "811"]
[PlyCount "131"]
[EventDate "2023.01.28"]
[EventType "swiss"]
[EventRounds "5"]
[EventCountry "CAN"]

1. e4 e5 2. Nf3 Nc6 3. Bc4 Bc5 4. d3 Nf6 5. Nc3 O-O 6. h3 h6 7. O-O d6 8. Re1
Re8 9. Be3 Bxe3 10. Rxe3 Nd4 11. Nb5 Nxb5 12. Bxb5 Bd7 13. Bxd7 Qxd7 14. Qd2 d5
15. exd5 Qxd5 16. Qc3 Nd7 17. Qb3 Qxb3 18. axb3 f5 19. Rae1 f4 20. R3e2 Kf8 21.
Nxe5 Nxe5 22. Rxe5 Rxe5 23. Rxe5 g5 24. Re6 Re8 25. Rxe8+ Kxe8 26. Kf1 Kf7 27.
Ke2 h5 28. g3 fxg3 29. fxg3 Ke6 30. Kf3 Kf5 31. g4+ hxg4+ 32. hxg4+ Ke5 33. Ke3
c5 34. c3 b5 35. d4+ cxd4+ 36. cxd4+ Kd5 37. Kd3 a5 38. Ke3 a4 39. bxa4 bxa4
40. Kd3 Kd6 41. Ke4 Ke6 42. d5+ Kd6 43. Kd4 Kd7 44. Ke5 Ke7 45. d6+ Kd7 46. Kd5
Kd8 47. Ke6 Ke8 48. Kf6 Kd7 49. Kxg5 Kxd6 50. Kf6 Kd7 51. Kf7 Kd6 52. g5 Ke5
53. g6 Kf5 54. g7 Ke5 55. g8=Q Ke4 56. Qg4+ Ke3 57. Qxa4 Kd2 58. Qe4 Kc1 59.
Qe2 Kb1 60. b4 Ka1 61. Qd2 Kb1 62. Ke6 Ka1 63. Kd5 Kb1 64. Kc4 Ka1 65. Kb3 Kb1
66. Qd1# 1-0

[Event "Forcing Moves Winter-1 U1600"]
[Site "Mississauga CAN"]
[Date "2023.01.28"]
[Round "3.17"]
[White "Barbisan, Owen"]
[Black "Singh, Udayveer"]
[Result "1/2-1/2"]
[WhiteElo "832"]
[BlackElo "1019"]
[PlyCount "103"]
[EventDate "2023.01.28"]
[EventType "swiss"]
[EventRounds "5"]
[EventCountry "CAN"]

1. d4 d5 2. Bf4 c6 3. e3 Nf6 4. c4 Bf5 5. Nc3 e6 6. Nf3 Nbd7 7. Ne5 Be7 8. f3
O-O 9. Bd3 Bxd3 10. Qxd3 dxc4 11. Nxc4 Nb6 12. Ne5 Nbd5 13. Bg3 Nxc3 14. bxc3
Nd5 15. e4 Nf6 16. Rb1 Qc8 17. Qc4 Nh5 18. Qb3 Nxg3 19. hxg3 Rb8 20. Qb2 Qc7
21. f4 c5 22. Kf2 cxd4 23. cxd4 Rfc8 24. f5 Qc3 25. Qxc3 Rxc3 26. Nd7 Rbc8 27.
Rxb7 R3c7 28. Rxc7 Rxc7 29. Ne5 exf5 30. exf5 Rc2+ 31. Kf3 Rxa2 32. Nc6 Bd6 33.
Re1 Ra3+ 34. Kg4 Rxg3+ 35. Kh4 h6 36. Nxa7 Rxg2 37. Nc8 g5+ 38. fxg6 Rxg6 39.
Nxd6 Rxd6 40. Kh5 Kg7 41. Rg1+ Rg6 42. Rxg6+ fxg6+ 43. Kg4 h5+ 44. Kg5 Kf7 45.
d5 Ke7 46. Kh4 Kd6 47. Kg5 Kxd5 48. Kh4 Ke4 49. Kg5 Kf3 50. Kh4 g5+ 51. Kxg5 h4
52. Kxh4 1/2-1/2

[Event "Forcing Moves Winter-1 U1600"]
[Site "Mississauga CAN"]
[Date "2023.01.28"]
[Round "3.19"]
[White "Sreekumar, Gayathri"]
[Black "Zheng, Kingsley"]
[Result "0-1"]
[WhiteElo "980"]
[BlackElo "802"]
[PlyCount "77"]
[EventDate "2023.01.28"]
[EventType "swiss"]
[EventRounds "5"]
[EventCountry "CAN"]

1. d4 d5 2. c4 e6 3. Nf3 c5 4. g3 Nc6 5. cxd5 exd5 6. Bg2 Nf6 7. O-O Be7 8. Nc3
O-O 9. Bf4 Be6 10. Rc1 Qb6 11. dxc5 Bxc5 12. Na4 Bxf2+ 13. Rxf2 Qb5 14. Rc5 Qa6
15. Rc1 b5 16. Nc5 Qb6 17. a4 a6 18. Ng5 Rfe8 19. Qc2 Nd4 20. Qc3 Nf5 21. Ncxe6
fxe6 22. e4 dxe4 23. Nxe4 Ng4 24. b3 Nxf2 25. Nxf2 Rac8 26. Qb2 bxa4 27. Be5
Rxc1+ 28. Qxc1 Qxb3 29. Qc6 Qb5 30. Qc1 Qxe5 31. Bf1 a5 32. Qc6 Rf8 33. Qxa4
Ne3 34. Qa2 Qf5 35. Qe2 Qc5 36. Bh3 Qc1+ 37. Bf1 Qxf1+ 38. Qxf1 Nxf1 39. Kxf1
0-1

[Event "Forcing Moves Winter-1 U1600"]
[Site "Mississauga CAN"]
[Date "2023.01.28"]
[Round "3.20"]
[White "Hong, Zihan"]
[Black "Pillai, Arya"]
[Result "1-0"]
[WhiteElo "1043"]
[BlackElo "799"]
[PlyCount "57"]
[EventDate "2023.01.28"]
[EventType "swiss"]
[EventRounds "5"]
[EventCountry "CAN"]

1. d4 d5 2. c4 e6 3. Nc3 Nf6 4. Bf4 Bb4 5. e3 Nc6 6. Bd3 Bd7 7. Nge2 O-O 8. a3
Ba5 9. b4 Bb6 10. c5 Re8 11. cxb6 axb6 12. Nb5 e5 13. dxe5 Nxe5 14. Bxe5 Rxe5
15. Nbd4 Qe7 16. O-O Ba4 17. Bc2 Bd7 18. Bb3 Ne4 19. f4 Rh5 20. Bxd5 Rxd5 21.
Qb3 Rh5 22. h3 Nd2 23. Qc3 Nxf1 24. Rxf1 c6 25. Ng3 Rd5 26. e4 Rd6 27. Ngf5
Bxf5 28. Nxf5 Qe6 29. Qxg7# 1-0

[Event "Forcing Moves Winter-1 U1600"]
[Site "Mississauga CAN"]
[Date "2023.01.29"]
[Round "4.12"]
[White "Yang, Allen"]
[Black "Chen, Richard"]
[Result "1/2-1/2"]
[WhiteElo "1570"]
[BlackElo "1248"]
[PlyCount "99"]
[EventDate "2023.01.28"]
[EventType "swiss"]
[EventRounds "5"]
[EventCountry "CAN"]

1. d4 d5 2. c4 e6 3. Nc3 Nf6 4. cxd5 exd5 5. Bg5 c6 6. e3 Bf5 7. Nf3 Nbd7 8.
Be2 h6 9. Bh4 Be7 10. O-O O-O 11. Rc1 Ne4 12. Bxe7 Qxe7 13. Qa4 Ndf6 14. Nxe4
Nxe4 15. b4 a6 16. Qb3 Bg4 17. Rc2 Nd6 18. Kh1 Bxf3 19. gxf3 Qh4 20. a4 Qh3 21.
Rg1 Nf5 22. Rcc1 Rfe8 23. Qc2 Re6 24. Rg4 h5 25. Rf4 Nxe3 26. fxe3 Rxe3 27. Bf1
Qe6 28. Qf5 Qxf5 29. Rxf5 g6 30. Re5 Rxf3 31. b5 axb5 32. axb5 Ra4 33. bxc6
bxc6 34. Kg2 Rf4 35. Rxc6 Ra2+ 36. Re2 Rxe2+ 37. Bxe2 Rxd4 38. Rd6 Rd2 39. Kf1
Kf8 40. Ke1 Rd4 41. Bf3 Ke7 42. Rxd5 Rxd5 43. Bxd5 f5 44. Kf2 Kf6 45. Kg3 g5
46. h3 h4+ 47. Kf3 g4+ 48. hxg4 fxg4+ 49. Kxg4 h3 50. Kxh3 1/2-1/2

[Event "Forcing Moves Winter-1 U1600"]
[Site "Mississauga CAN"]
[Date "2023.01.29"]
[Round "4.13"]
[White "Garg, Shlok"]
[Black "Sayadi, Amin"]
[Result "1-0"]
[WhiteElo "1264"]
[BlackElo "1330"]
[PlyCount "100"]
[EventDate "2023.01.28"]
[EventType "swiss"]
[EventRounds "5"]
[EventCountry "CAN"]

1. d4 d5 2. e3 Bf5 3. c4 e6 4. Qb3 b6 5. Nc3 Nf6 6. Nf3 a5 7. cxd5 exd5 8. Be2
Be7 9. O-O O-O 10. Nd2 c6 11. f3 Be6 12. Bd3 Re8 13. f4 Ne4 14. f5 Nxd2 15.
Bxd2 Bd7 16. e4 dxe4 17. Nxe4 a4 18. Qc2 f6 19. Rae1 Na6 20. Bxa6 b5 21. Bb7
Rb8 22. Bxc6 Bxc6 23. Qxc6 Rc8 24. Qxb5 Qxd4+ 25. Kh1 Kf8 26. Bc3 Qa7 27. Bb4
Rb8 28. Bxe7+ Rxe7 29. Qc6 Rbe8 30. Qd6 Kg8 31. Nxf6+ gxf6 32. Rxe7 Qxe7 33.
Qd4 Qe2 34. Rg1 Qc2 35. Qxf6 Re2 36. Qg5+ Kf8 37. Qh6+ Kg8 38. f6 Kf7 39. Qg7+
Ke6 40. f7 Rxg2 41. Qxg2 Qxg2+ 42. Rxg2 Kxf7 43. Rg4 Ke6 44. Rxa4 Kd5 45. Rh4
Kc5 46. a4 Kb6 47. b4 Ka6 48. Rg4 h5 49. Rg6+ Kb7 50. a5 h4 1-0

[Event "Forcing Moves Winter-1 U1600"]
[Site "Mississauga CAN"]
[Date "2023.01.29"]
[Round "4.15"]
[White "Lukinykh, Slava"]
[Black "Li, Allen"]
[Result "1-0"]
[WhiteElo "1235"]
[BlackElo "1277"]
[PlyCount "136"]
[EventDate "2023.01.28"]
[EventType "swiss"]
[EventRounds "5"]
[EventCountry "CAN"]

1. d4 d5 2. Nf3 Nf6 3. g3 e6 4. Bg2 Bd6 5. O-O h6 6. b3 Nbd7 7. Nbd2 O-O 8. c4
c6 9. Bb2 b6 10. Qc2 Bb7 11. Rfe1 c5 12. h3 Qc7 13. a3 a5 14. cxd5 exd5 15.
Rac1 Rac8 16. Qd3 Qb8 17. Nh4 cxd4 18. Bxd4 Bc5 19. Nf5 Kh8 20. Ba1 Ne5 21. Qb1
Ned7 22. e4 dxe4 23. Nxe4 Bxe4 24. Bxe4 g6 25. Ne3 Bxe3 26. Rxe3 Rxc1+ 27. Qxc1
Kh7 28. Bg2 Rc8 29. Qd2 Qc7 30. Rc3 Qd8 31. Qd6 Qf8 32. Qxf8 Rxf8 33. Rc7 Kg7
34. Rxd7 Re8 35. Bxf6+ Kxf6 36. Rd6+ Re6 37. Rxe6+ Kxe6 38. Bf1 Ke5 39. a4 Kd4
40. Kg2 Ke4 41. f3+ Ke3 42. h4 g5 43. hxg5 hxg5 44. Bc4 f5 45. g4 fxg4 46. fxg4
Kf4 47. Be6 Ke5 48. Bc8 Ke4 49. Kg3 Ke3 50. Kg2 Ke2 51. Kg1 Kf3 52. Kf1 Ke3 53.
Ke1 Kd3 54. Kf2 Kd2 55. Kf3 Kd3 56. Bf5+ Kc3 57. Ke4 Kxb3 58. Bd7 Kc4 59. Kf5
Kd5 60. Kxg5 Kd6 61. Bb5 Ke7 62. Kh6 Kf7 63. Bc4+ Kf6 64. g5+ Ke7 65. g6 Kf8
66. g7+ Ke8 67. g8=R+ Kd7 68. Rg6 Kc7 1-0

[Event "Forcing Moves Winter-1 U1600"]
[Site "Mississauga CAN"]
[Date "2023.01.29"]
[Round "4.16"]
[White "Ambilwade, Ojal"]
[Black "Shi, Sean"]
[Result "1-0"]
[WhiteElo "1482"]
[BlackElo "1189"]
[PlyCount "119"]
[EventDate "2023.01.28"]
[EventType "swiss"]
[EventRounds "5"]
[EventCountry "CAN"]

1. c4 e5 2. Nc3 Nf6 3. e3 d5 4. d4 exd4 5. exd4 Bb4 6. Nf3 O-O 7. Be2 dxc4 8.
Bxc4 Qe7+ 9. Be3 Ng4 10. Qe2 Nxe3 11. fxe3 Re8 12. Kf2 c6 13. Nd1 Bg4 14. Rf1
Bxf3 15. Qxf3 Nd7 16. Kg1 Nf6 17. Qh3 Bd2 18. Rf3 Qe4 19. Qg3 Ng4 20. Bxf7+ Kh8
21. Bxe8 Rxe8 22. Qf4 Qxf4 23. Rxf4 Nxe3 24. Rf7 Ng4 25. g3 Kg8 26. Rf1 Re2 27.
h3 Ne3 28. Nxe3 Bxe3+ 29. Kh1 Rxb2 30. Rae1 Rf2 31. Rxf2 Bxf2 32. Re8+ Kf7 33.
Rb8 Bxd4 34. Rxb7+ Kg6 35. Kg2 Kf5 36. Kf3 h6 37. g4+ Ke5 38. Rxg7 Kd5 39. Rc7
a5 40. Rh7 c5 41. Rxh6 c4 42. Rh5+ Kd6 43. Rxa5 c3 44. Ke2 c2 45. Ra6+ Ke5 46.
Kd2 Kf4 47. Ra4 c1=Q+ 48. Kxc1 Ke3 49. Rxd4 Kxd4 50. a4 Kc5 51. a5 Kb5 52. a6
Kxa6 53. g5 Kb7 54. g6 Kc7 55. g7 Kd7 56. g8=Q Ke7 57. Qd5 Kf6 58. Qe4 Kg5 59.
Qf3 Kh4 60. Qg4# 1-0

[Event "Forcing Moves Winter-1 U1600"]
[Site "Mississauga CAN"]
[Date "2023.01.29"]
[Round "4.17"]
[White "Biong, Mark Anthony"]
[Black "Singh, Udayveer"]
[Result "1-0"]
[WhiteElo "1370"]
[BlackElo "1019"]
[PlyCount "111"]
[EventDate "2023.01.28"]
[EventType "swiss"]
[EventRounds "5"]
[EventCountry "CAN"]

1. d4 d5 2. c3 c6 3. Nf3 Nf6 4. Bg5 Nbd7 5. g3 e6 6. Bg2 Be7 7. Bxf6 Nxf6 8.
O-O O-O 9. Nbd2 c5 10. e3 cxd4 11. exd4 b6 12. Re1 Bb7 13. Ne5 Nd7 14. Ndf3 b5
15. a3 Nb6 16. Qb3 a6 17. Re2 Qc7 18. Rae1 Bd6 19. Qc2 Rfe8 20. Bh3 Bc8 21. Ng5
f5 22. Nd3 g6 23. Nxe6 Bxe6 24. Rxe6 Qd7 25. Qe2 Kf7 26. Ne5+ Bxe5 27. Rxe5
Rxe5 28. dxe5 Re8 29. Bg2 Nc4 30. f4 d4 31. Rd1 Rd8 32. Rxd4 Qa7 33. Qf2 Qc7
34. Bd5+ Ke7 35. Bxc4 Rxd4 36. Qxd4 bxc4 37. Kf2 Ke6 38. Ke3 Kf7 39. Qd5+ Kg7
40. e6 Qb6+ 41. Qd4+ Qxd4+ 42. Kxd4 Kf6 43. Kd5 Ke7 44. a4 a5 45. h3 h6 46. h4
h5 47. Ke5 Ke8 48. Kf6 Kf8 49. Kxg6 Ke7 50. Kxf5 Ke8 51. Ke5 Ke7 52. f5 Kf8 53.
f6 Ke8 54. Kd6 Kf8 55. Kd7 Kg8 56. e7 1-0

[Event "Forcing Moves Winter-1 U1600"]
[Site "Mississauga CAN"]
[Date "2023.01.29"]
[Round "4.19"]
[White "Zheng, Kingsley"]
[Black "Hong, Zihan"]
[Result "0-1"]
[WhiteElo "802"]
[BlackElo "1043"]
[PlyCount "86"]
[EventDate "2023.01.28"]
[EventType "swiss"]
[EventRounds "5"]
[EventCountry "CAN"]

1. e4 d5 2. exd5 Qxd5 3. Nc3 Qa5 4. Nf3 Nf6 5. Bc4 Bg4 6. h3 Bh5 7. d3 e6 8.
Bd2 Qb6 9. Na4 Qc6 10. Nc3 a6 11. g4 Nxg4 12. hxg4 Bxg4 13. Ne4 f5 14. Neg5 Be7
15. Nxh7 Bxf3 16. Nf6+ Kf7 17. Rxh8 Bxd1 18. Rxd1 Bxf6 19. Ke2 b5 20. Bb3 Nd7
21. Rh7 Ne5 22. Rh3 Qg2 23. Rg3 Qc6 24. Rdg1 Rh8 25. R1g2 Ng4 26. f3 Ne5 27. d4
Nc4 28. Bc3 Ra8 29. Rh3 a5 30. a3 b4 31. axb4 axb4 32. Bxb4 Bxd4 33. c3 Qb5 34.
cxd4 Nxb2+ 35. Ke3 f4+ 36. Kxf4 Nd3+ 37. Ke4 Nxb4 38. f4 Qf5+ 39. Kf3 Qxh3+ 40.
Kf2 Nd3+ 41. Kg1 Rh8 42. Kf1 Qh1+ 43. Rg1 Qf3# 0-1

[Event "Forcing Moves Winter-1 U1600"]
[Site "Mississauga CAN"]
[Date "2023.01.29"]
[Round "4.21"]
[White "Sexton, Joey"]
[Black "Sreekumar, Gayathri"]
[Result "0-1"]
[WhiteElo "951"]
[BlackElo "980"]
[PlyCount "68"]
[EventDate "2023.01.28"]
[EventType "swiss"]
[EventRounds "5"]
[EventCountry "CAN"]

1. d4 Nf6 2. c4 g6 3. Nf3 Bg7 4. Bf4 O-O 5. Nc3 d6 6. e4 Nbd7 7. Qd2 Re8 8. h4
b6 9. Be2 Bb7 10. Bh6 c5 11. e5 cxd4 12. Bxg7 dxc3 13. Qh6 Ng4 14. Qf4 Kxg7 15.
Qxg4 dxe5 16. h5 Nf6 17. Qg5 Rc8 18. hxg6 fxg6 19. Qh6+ Kh8 20. Ng5 Qd2+ 21.
Kf1 Rf8 22. Rd1 Qf4 23. g3 Qxf2+ 24. Kxf2 Ng4+ 25. Kg1 Nxh6 26. Rxh6 Rf5 27.
Rxh7+ Kg8 28. Rd7 c2 29. Kh2 c1=Q 30. Kh3 Rxg5 31. Kh4 Qe3 32. Bf3 Qxf3 33.
Kxg5 Qf5+ 34. Kh6 Qh5# 0-1

[Event "Forcing Moves Winter-1 U1600"]
[Site "Mississauga CAN"]
[Date "2023.01.29"]
[Round "5.133"]
[White "Pillai, Karma"]
[Black "Yang, Allen"]
[Result "0-1"]
[WhiteElo "1364"]
[BlackElo "1570"]
[PlyCount "64"]
[EventDate "2023.01.28"]
[EventType "swiss"]
[EventRounds "5"]
[EventCountry "CAN"]

1. d4 Nf6 2. c4 e6 3. Nf3 d5 4. e3 c5 5. Nc3 Nc6 6. Bd3 dxc4 7. Bxc4 cxd4 8.
exd4 Be7 9. O-O O-O 10. Be3 b6 11. a3 Bb7 12. Qe2 Rc8 13. Rfd1 Na5 14. Ba2 Nd5
15. Bxd5 Bxd5 16. Nxd5 Qxd5 17. Rac1 Bf6 18. Rc2 Nb3 19. h3 b5 20. Kf1 a5 21.
Kg1 a4 22. Kf1 Rfd8 23. Ke1 g6 24. Rc3 Rxc3 25. bxc3 Rc8 26. Qb2 Rc4 27. Ke2
Rc8 28. g3 Qc4+ 29. Rd3 Rd8 30. Bf4 Nc5 31. Ne1 Nxd3 32. Nxd3 e5 0-1

[Event "Forcing Moves Winter-1 U1600"]
[Site "Mississauga CAN"]
[Date "2023.01.29"]
[Round "5.12"]
[White "Chen, Richard"]
[Black "Garg, Shlok"]
[Result "1-0"]
[WhiteElo "1248"]
[BlackElo "1264"]
[PlyCount "93"]
[EventDate "2023.01.28"]
[EventType "swiss"]
[EventRounds "5"]
[EventCountry "CAN"]

1. d4 Nf6 2. c4 e5 3. dxe5 Ng4 4. Nf3 Bc5 5. e3 Nc6 6. e6 dxe6 7. Qxd8+ Kxd8 8.
a3 a5 9. b3 Nge5 10. Nxe5 Nxe5 11. Bb2 Ng6 12. Bxg7 Rg8 13. Bf6+ Be7 14. Bxe7+
Kxe7 15. Nc3 Nh4 16. O-O-O b6 17. g3 Bb7 18. e4 Ng6 19. Bh3 Rgd8 20. f4 c5 21.
Rhe1 Rxd1+ 22. Rxd1 Rd8 23. Rxd8 Kxd8 24. e5 Bc6 25. Nb5 Bxb5 26. cxb5 Ne7 27.
Bg2 Nf5 28. Be4 Nd4 29. Bxh7 Nxb3+ 30. Kd1 Nd4 31. a4 Ke7 32. g4 Kf8 33. Be4
Kg7 34. h4 c4 35. Kd2 c3+ 36. Kxc3 Ne2+ 37. Kd2 Nxf4 38. Ke3 Ng6 39. Bxg6 Kxg6
40. Kf4 Kh6 41. h5 Kh7 42. Kg5 Kg7 43. h6+ Kh7 44. Kf6 Kxh6 45. Kxf7 Kg5 46.
Kxe6 Kxg4 47. Kd7 1-0

[Event "Forcing Moves Winter-1 U1600"]
[Site "Mississauga CAN"]
[Date "2023.01.29"]
[Round "5.14"]
[White "Ambilwade, Ojal"]
[Black "Lukinykh, Slava"]
[Result "1-0"]
[WhiteElo "1482"]
[BlackElo "1235"]
[PlyCount "89"]
[EventDate "2023.01.28"]
[EventType "swiss"]
[EventRounds "5"]
[EventCountry "CAN"]

1. c4 c5 2. Nc3 e6 3. Nf3 Nf6 4. e3 d5 5. d4 Nc6 6. Bd3 b6 7. b3 Bb7 8. Bb2 Bd6
9. O-O cxd4 10. exd4 O-O 11. a3 Qc7 12. Nb5 Qe7 13. Nxd6 Qxd6 14. Qc2 h6 15.
Rfd1 Rac8 16. c5 bxc5 17. dxc5 Qf4 18. b4 e5 19. Bc1 Qg4 20. Bf5 Qh5 21. Bxc8
Rxc8 22. Bb2 Ba6 23. Re1 e4 24. Nd4 Ne5 25. Re3 Bd3 26. Qc1 Nfg4 27. Rh3 Qg6
28. Qf4 Bc4 29. Nf5 Qf6 30. Bxe5 Nxe5 31. Nxh6+ Kf8 32. Qxf6 gxf6 33. Nf5 Ng6
34. Nd6 Rc7 35. Nxc4 dxc4 36. Rc3 Ne5 37. f4 exf3 38. gxf3 Rd7 39. f4 Rd3 40.
Rac1 Nf3+ 41. Kf2 Nd2 42. Rxd3 cxd3 43. Ke3 Nb3 44. Rd1 d2 45. Rxd2 1-0

[Event "Forcing Moves Winter-1 U1600"]
[Site "Mississauga CAN"]
[Date "2023.01.29"]
[Round "5.15"]
[White "Barbisan, Owen"]
[Black "Biong, Mark Anthony"]
[Result "0-1"]
[WhiteElo "832"]
[BlackElo "1370"]
[PlyCount "146"]
[EventDate "2023.01.28"]
[EventType "swiss"]
[EventRounds "5"]
[EventCountry "CAN"]

1. d4 Nf6 2. Bf4 g6 3. e3 Bg7 4. c4 d5 5. Nc3 c6 6. Nf3 Bg4 7. h3 Bxf3 8. Qxf3
e6 9. Bd3 O-O 10. O-O Nbd7 11. a4 Re8 12. cxd5 exd5 13. Rfe1 Qb6 14. Rab1 a6
15. b4 Re6 16. a5 Qa7 17. Bc2 Rae8 18. h4 Nh5 19. Kf1 Nxf4 20. Qxf4 Nf6 21.
Rbd1 Nh5 22. Qf3 Rf6 23. Qh3 Qb8 24. Kg1 Rfe6 25. Kf1 Qd6 26. Rb1 Nf6 27. Na4
Ne4 28. Bxe4 Rxe4 29. Nc5 R4e7 30. h5 Qf6 31. h6 Bf8 32. g4 g5 33. Rb3 Qxh6 34.
Qxh6 Bxh6 35. Kg2 Bg7 36. Kg3 Bxd4 37. Rh1 Bxc5 38. bxc5 Kg7 39. Rhb1 Rb8 40.
f4 gxf4+ 41. exf4 Kg6 42. Kf3 f6 43. Re3 Rxe3+ 44. Kxe3 Re8+ 45. Kf3 Re7 46.
Kg3 h6 47. f5+ Kg5 48. Rb3 h5 49. gxh5 d4 50. h6 Kxf5 51. Rd3 Rd7 52. h7 Rxh7
53. Rxd4 Ke5 54. Rd1 f5 55. Rf1 Rf7 56. Rd1 Ke4 57. Re1+ Kd4 58. Rc1 Ke3 59.
Re1+ Kd3 60. Kf4 Kc4 61. Re5 Kb5 62. Rxf5 Rxf5+ 63. Kxf5 Kxc5 64. Ke4 Kc4 65.
Ke5 c5 66. Kd6 Kb5 67. Kd5 c4 68. Kd4 Kb4 69. Ke3 Kb3 70. Kd2 Kb2 71. Kd1 c3
72. Ke2 c2 73. Kd2 c1=Q+ 0-1

[Event "Forcing Moves Winter-1 U1600"]
[Site "Mississauga CAN"]
[Date "2023.01.29"]
[Round "5.18"]
[White "Shi, Sean"]
[Black "Sreekumar, Gayathri"]
[Result "1-0"]
[WhiteElo "1189"]
[BlackElo "980"]
[PlyCount "143"]
[EventDate "2023.01.28"]
[EventType "swiss"]
[EventRounds "5"]
[EventCountry "CAN"]

1. e4 c5 2. Nf3 d6 3. d4 cxd4 4. Nxd4 Nf6 5. Nc3 g6 6. Be3 Bg7 7. f3 O-O 8. Qd2
Nc6 9. O-O-O Nxd4 10. Bxd4 Be6 11. g4 Qa5 12. Kb1 Rfc8 13. Nd5 Qxd2 14. Rxd2
Kf8 15. Nxf6 exf6 16. Bc3 Rab8 17. Bb4 Rd8 18. Rxd6 Ke8 19. Bb5+ Bd7 20. Bxd7+
Rxd7 21. Rxd7 Kxd7 22. Rd1+ Kc6 23. c4 Rc8 24. Rd6+ Kc7 25. Rd5 Kc6 26. Rc5+
Kd7 27. Rxc8 Kxc8 28. Kc2 Kd7 29. b3 Ke6 30. Kd3 f5 31. gxf5+ gxf5 32. f4 Kf6
33. e5+ Kg6 34. Kd4 Kh5 35. Be1 Kg4 36. Bg3 h5 37. b4 h4 38. Be1 h3 39. Ke3 f6
40. e6 Bf8 41. a4 Be7 42. c5 Bf8 43. a5 a6 44. Bg3 Be7 45. Kd4 Kf3 46. Kc4 Ke4
47. b5 axb5+ 48. Kxb5 Kd5 49. Bf2 Kxe6 50. Kb6 Kd7 51. Kxb7 Kd8 52. c6 Bd6 53.
Bb6+ Ke7 54. c7 Bxc7 55. Bxc7 Kd7 56. a6 Ke6 57. a7 Kd5 58. a8=Q Kd4 59. Qa4+
Ke3 60. Bb6+ Kf3 61. Bc7 Ke2 62. Qc2+ Kf3 63. Qd1+ Kg2 64. Qe2+ Kg1 65. Kc6 Kh1
66. Kd5 Kg1 67. Kd4 Kh1 68. Ke3 Kg1 69. Kf3 Kh1 70. Kg3 Kg1 71. Kxh3 Kh1 72.
Qg2# 1-0

[Event "Forcing Moves Winter-1 U1600"]
[Site "Mississauga CAN"]
[Date "2023.01.29"]
[Round "5.19"]
[White "Singh, Udayveer"]
[Black "Zheng, Kingsley"]
[Result "1/2-1/2"]
[WhiteElo "1019"]
[BlackElo "802"]
[PlyCount "111"]
[EventDate "2023.01.28"]
[EventType "swiss"]
[EventRounds "5"]
[EventCountry "CAN"]

1. d4 d5 2. c4 e6 3. Nc3 Nc6 4. Nf3 h6 5. a3 a5 6. Bf4 Bd6 7. Bxd6 Qxd6 8. cxd5
exd5 9. e3 Nge7 10. Be2 Bf5 11. O-O O-O 12. h3 Rad8 13. Bd3 Bg6 14. Qc2 Qf6 15.
Bxg6 Nxg6 16. Qb3 Qd6 17. Rac1 Rfe8 18. Na4 Rb8 19. Nc5 b6 20. Nd3 Nce7 21. Qc2
c6 22. Nde5 Rec8 23. Qd3 b5 24. Qd2 a4 25. Nd3 Nf8 26. Nc5 Nd7 27. Nxd7 Qxd7
28. Ne5 Qd6 29. Rc2 c5 30. Nd3 c4 31. Nc5 Ng6 32. Re1 Qc6 33. Qe2 Ne5 34. Rcc1
Nd7 35. Nxd7 Qxd7 36. e4 Re8 37. Qf3 dxe4 38. Rxe4 Rxe4 39. Qxe4 Re8 40. Qf3
Qxd4 41. Qc6 Re5 42. Rb1 Qe4 43. Qxe4 Rxe4 44. Kf1 Kf8 45. Rd1 Re5 46. Rd8+ Ke7
47. Rb8 Ke6 48. Rb6+ Kf5 49. Rb7 Ke4 50. Ke2 Rf5 51. Re7+ Kd4 52. Rd7+ Kc5 53.
Re7 Kb6 54. Re8 Kb7 55. Re7+ Kc6 56. Re8 1/2-1/2

[Event "Forcing Moves Winter-1 U1600"]
[Site "Mississauga CAN"]
[Date "2023.01.29"]
[Round "5.20"]
[White "Pillai, Arya"]
[Black "Deshpande, Rucha"]
[Result "0-1"]
[WhiteElo "799"]
[BlackElo "811"]
[PlyCount "80"]
[EventDate "2023.01.28"]
[EventType "swiss"]
[EventRounds "5"]
[EventCountry "CAN"]

1. d4 d5 2. c4 e6 3. Nc3 Nf6 4. Bg5 c6 5. e3 Be7 6. Nf3 c5 7. Be2 O-O 8. O-O
Nc6 9. Re1 h6 10. Bh4 Bd7 11. b3 cxd4 12. exd4 b6 13. Qd3 Qc7 14. Bg3 Bd6 15.
Bxd6 Qxd6 16. g3 Nb4 17. Qd2 Nc6 18. Rad1 Bc8 19. Bf1 Bb7 20. Nb5 Qd7 21. Nc3
Rfe8 22. Ne5 Qc7 23. Nxc6 Bxc6 24. Bg2 dxc4 25. Bxc6 Qxc6 26. bxc4 Qxc4 27. Re5
Nd5 28. Nxd5 exd5 29. Rxe8+ Rxe8 30. Re1 Rxe1+ 31. Qxe1 Qxd4 32. Qe8+ Kh7 33.
Qxf7 a5 34. Kg2 Qe4+ 35. Kf1 Qb1+ 36. Kg2 Qxa2 37. Qf5+ Kg8 38. Qc8+ Kf7 39.
Qc6 d4 40. Qxb6 Qd5+ 0-1

[Event "Forcing Moves Winter-1 U2000"]
[Site "Mississauga CAN"]
[Date "2023.01.28"]
[Round "1.5"]
[White "Gao, Heye"]
[Black "Deshpande, Sarthak"]
[Result "1-0"]
[WhiteElo "1662"]
[BlackElo "1916"]
[PlyCount "69"]
[EventDate "2023.01.28"]
[EventType "swiss"]
[EventRounds "5"]
[EventCountry "CAN"]

1. e4 c6 2. d4 d5 3. exd5 cxd5 4. c4 Nf6 5. Nc3 Nc6 6. c5 Bg4 7. Be2 Bxe2 8.
Ngxe2 e5 9. Be3 e4 10. Bf4 Nh5 11. O-O Qd7 12. a3 Be7 13. f3 f5 14. fxe4 fxe4
15. b4 O-O 16. Qd2 Nxf4 17. Rxf4 Rxf4 18. Nxf4 Bf6 19. Nfe2 a6 20. Rd1 Ne7 21.
Qa2 Kh8 22. Nf4 Rd8 23. Kh1 Qg4 24. Nfe2 Qg5 25. b5 axb5 26. Nxb5 Nf5 27. Nec3
Ne3 28. Re1 Ng4 29. h3 e3 30. Nd6 Nf2+ 31. Kh2 Rxd6 32. cxd6 Qf4+ 33. g3 Qh6
34. Qxf2 exf2 35. Re8# 1-0